| 000 | 00759cam a22002773a 4500 | ||
|---|---|---|---|
| 001 | 31700 | ||
| 003 | PGUSA | ||
| 005 | 20140828083703.0 | ||
| 008 | 100319s2010||||xxu|||||s|||||000 | eng d | ||
| 040 |
_aPGUSA _beng |
||
| 042 | _adc | ||
| 050 | 4 | _aPS | |
| 100 | 1 |
_aRowland, Helen, _d1876- |
|
| 245 | 1 | 0 |
_aReflections of a Bachelor Girl _h[electronic resource] / _cHelen Rowland |
| 260 |
_bProject Gutenberg, _c2010 |
||
| 506 | _aPublic domain in the USA. | ||
| 516 | _aElectronic text | ||
| 653 | _aMarriage | ||
| 653 | _aMan-woman relationships | ||
| 653 | _aSingle women | ||
| 653 | _aAmerican wit and humor | ||
| 700 | 1 | _aEddy, Henry S. | |
| 830 | 0 |
_aProject Gutenberg _v31700 |
|
| 856 | 4 | 0 | _uhttp://www.gutenberg.org/ebooks/31700 |
| 942 | _cEB | ||
| 999 |
_c260955 _d260955 |
||